Španělština pro jazykové školy 4 /

Gespeichert in:
Bibliographische Detailangaben
Hauptverfasser: Tichý, Oldřich (Verfasst von), Vaculík, Antonín (Verfasst von)
Format: Buch
Sprache:Tschechisch
Veröffentlicht: Praha : Státní pedagogické nakladatelství, 1981
Ausgabe:1.vyd.
Schlagworte:
Tags: Tag hinzufügen
Keine Tags, Fügen Sie das erste Tag hinzu!

MARC

LEADER 00000nam a22000003a 4500
001 stu43468
005 20150617225717.8
008 941019s1981----cs------------------cze-d
040 |a STU  |b slo 
041 0 |a cze 
044 |a cs 
080 |a 806.0(075.8)  |7 stu_us_auth*stu2637 
100 1 |a Tichý, Oldřich  |4 aut 
245 1 |a Španělština pro jazykové školy 4 /  |c [aut.]Oldřich Tichý, Antonín Vaculík 
250 |a 1.vyd. 
260 |a Praha :  |b Státní pedagogické nakladatelství,  |c 1981 
300 |a 361 s 
650 7 |a španielčina  |2 stusub 
700 1 |a Vaculík, Antonín  |4 aut 
996 |b 284M003489  |c M*4276/4-1  |l MMKN  |s A  |a 24  |w stu43468_0001